| 000 | 01855nam0a2200385 4500 | ||
|---|---|---|---|
| 001 | RU\NLR\bibl\1164579 | ||
| 005 | 20250615083653.0 | ||
| 010 |
_a978-5-17-046700-6 _bАСТ |
||
| 010 |
_a978-5-271-18192-4 _bАстрель _910000 |
||
| 021 |
_aRU _b2007-75283 _94049 |
||
| 035 | _a(nilc)IZD\AST\2007\749075 | ||
| 035 | _a(NLR Aleph) 001151298 | ||
| 090 |
_a1479318 _c1479318 |
||
| 100 | _a20070924d2008 |||y0rusy50 ca | ||
| 101 | 0 | _arus | |
| 102 | _aRU | ||
| 105 | _ay z ||||| | ||
| 106 | _ar | ||
| 200 | 1 |
_aТесты по русскому языку _e3 класс _eк учебнику Л. М. Зелениной, Т. Е. Хохловой "Русский язык. В 2-х частях. 3 класс" (М.: Просвещение) _fО. В. Узорова, Е. А. Нефедова |
|
| 210 |
_aМосква _cАСТ _cАстрель _d2008 (печ. 2007) |
||
| 215 |
_a94 с. _d20001151298 |
||
| 225 | 1 | _aМастерская учителя начальных классов | |
| 606 | 1 |
_aРусский язык _xЗнания _xОценка _xТесты _xНачальная школа _92112250 _3RU\NLR\AUTH\661276451 |
|
| 686 |
_a81.2Ря724 _vТаблицы ББК для детских и школьных библиотек _2rubbk |
||
| 686 |
_a04301 _aМетодика преподавания русского языка. 1-4 кл. _2TCC-BG |
||
| 686 | 1 | _aЧ426.131(2Р)-28,01 | |
| 700 | 1 |
_7ca _8rus _aУзорова _bО. В. _f1970- _gОльга Васильевна _9270342 _3RU\NLR\AUTH\770270398 |
|
| 701 | 1 |
_aНефёдова _bЕ. А. _cд-р филол. наук _gЕлена Алексеевна _9153176 _3RU\NLR\AUTH\770153214 |
|
| 801 | 0 |
_aRU _bЛИБНЕТ _c20070924 |
|
| 801 | 1 |
_aRU _bРГДБ _c20071128 |
|
| 801 | 2 |
_aRU _bNLR _c20071207 _grcr |
|
| 830 | _aCODE_OF_LIBNET\000012486 | ||
| 942 | _cBOOK | ||
| 980 | _aNB | ||